[Event "11th LCC FIDE Open 2019"]
[Site "London"]
[Date "2019.12.05"]
[Round "9.11"]
[White "Zujev, Oleg"]
[Black "Hebden, Mark L"]
[Result "0-1"]
[WhiteElo "2316"]
[BlackElo "2436"]
[Annotator "RC"]
[PlyCount "73"]
[EventDate "2019.11.29"]
[EventType "swiss"]
[EventCountry "ENG"]
[SourceTitle "playchess.com"]
[Source "ChessBase"]
[SourceQuality "1"]
[TimeControl "40/5400+30:1800+30"]

1. d4 {[%emt 0:00:00]} Nf6 {[%emt 0:00:01]} 2. c4 {[%emt 0:00:00]} g6 {[%emt 0:00:06]} 3. Nc3 {[%emt 0:00:00]} Bg7 {[%emt 0:00:07]} 4. e4 {[%emt 0:00:00]} d6 {[%emt 0:00:44]} 5. Be2 {[%emt 0:00:00]} O-O {[%emt 0:02:06]} 6. Bg5 {[%emt 0:00:02]} c6 {[%emt 0:01:39]} 7. Qd2 {[%emt 0:00:23]} a6 {[%emt 0:04:10]} 8. Rd1 {[%emt 0:00:36]} b5 {[%emt 0:03:39]} 9. a3 {[%emt 0:00:26]} bxc4 {[%emt 0:02:59]} 10. Bxc4 {[%emt 0:00:19]} Nbd7 {[%emt 0:02:03]} 11. Nge2 {[%emt 0:12:16]} d5 {[%emt 0:04:07]} 12. Bd3 {[%emt 0:02:54]} dxe4 {[%emt 0:01:34]} 13. Nxe4 {[%emt 0:01:23]} a5 {[%emt 0:00:17]} 14. O-O {[%emt 0:10:35]} Qb6 {[%emt 0:00:53]} 15. N4c3 {[%emt 0:13:43]} Ba6 {[%emt 0:03:11]} 16. Na4 {[%emt 0:07:25]} Qb7 {[%emt 0:10:57]} 17. Nec3 {[%emt 0:08:28]} Bxd3 {[%emt 0:03:52]} 18. Qxd3 {[%emt 0:00:04]} Rfe8 {[%emt 0:02:00]} 19. Rfe1 {[%emt 0:02:19]} Rac8 {[%emt 0:02:33]} 20. d5 {[%emt 0:03:12]} cxd5 {[%emt 0:06:46]} 21. Nxd5 {[%emt 0:00:13]} e6 {[%emt 0:01:12]} 22. Ndc3 {[%emt 0:05:39]} h6 {[%emt 0:05:52]} 23. Be3 {[%emt 0:04:57]} Rc6 {[%emt 0:05:01]} 24. Bd4 {[%emt 0:03:54]} Rb8 {[%emt 0:01:56]} 25. Qf3 {[%emt 0:06:47]} Rc4 {[%emt 0:02:52]} 26. Qxb7 {[%emt 0:01:09]} Rxb7 {[%emt 0:00:07]} 27. h3 {[%emt 0:06:38]} Nd5 {[%emt 0:02:18]} 28. Bxg7 {[%emt 0:00:14]} Kxg7 {[%emt 0:04:17]} 29. Nxd5 {[%emt 0:10:52]} exd5 {[%emt 0:06:03]} 30. Nc3 {[%emt 0:02:51]} Rxb2 {[%emt 0:02:24]} 31. Nxd5 {[%emt 0:01:42]} Nc5 {[%emt 0:01:38]} 32. Re3 {[%emt 0:04:50]} a4 {[%emt 0:03:18]} 33. Rde1 {[%emt 0:03:24]} Rcc2 {[%emt 0:00:36]} 34. Rf3 {[%emt 0:00:00]} Ne6 {[%emt 0:05:48]} 35. Rd1 {[%emt 0:00:00]} Ra2 {[%emt 0:01:02]} 36. Nb4 {[%emt 0:00:00]} Rd2 {[%emt 0:00:07]} 37. Re1 {[%emt 0:03:09]} 0-1

[Event "11th LCC FIDE Open 2019"]
[Site "London"]
[Date "2019.12.05"]
[Round "9.12"]
[White "Cox, John J"]
[Black "Kirk, Ezra"]
[Result "0-1"]
[WhiteElo "2306"]
[BlackElo "2433"]
[Annotator "TA"]
[PlyCount "72"]
[EventDate "2019.11.29"]
[EventType "swiss"]
[EventCountry "ENG"]
[SourceTitle "playchess.com"]
[Source "ChessBase"]
[SourceQuality "1"]

{[%evp 19,86,0,0,0,22,20,17,15,21,17,20,0,15,-22,-22,-11,2,-83,-70,-96,-93,-86,-89,-92,-81,-90,-84,-90,-83,-92,-82,-100,-57,-50,-47,-43,0,0,0,0,0,0,0,0,0,0,-4,-183,-179,-566,-556,-641,-587,-504,-364,-352,-354,-322,-331,-280,-175,-377,-364,-535,-528,-528,-491,-401,-401]} 1. c4 e6 2. g3 d5 3. Nf3 Nf6 4. b3 d4 5. Bg2 c5 6. O-O Nc6 7. e3 Be7 8. exd4 cxd4 9. Re1 O-O 10. d3 Nd7 11. Ba3 {A14: English Opening: 1...e6 with b3 by White} (11. Na3 e5 12. Nc2 a5 13. a3 Rb8 14. b4 axb4 15. axb4 b5 16. c5 Bb7 17. Bd2 h6 18. h4 Re8 {½-½ (41) Van Wely,L (2600)-Bacrot,E (2678) Brest 2019}) 11... Re8 12. Bxe7 Qxe7 13. Nbd2 {The position is equal.} Qf8 14. a3 a5 $1 15. Qc2 e5 16. Qb2 $146 ({Predecessor:} 16. Nh4 Rb8 17. Ne4 Nc5 18. Nxc5 Qxc5 {0-1 (44) Lushenkov,M (2451)-Ismagambetov,A (2499) Moscow 2011}) 16... Nc5 17. Bf1 Bf5 18. Qc2 (18. b4 $1 $11 {keeps the balance.} axb4 19. axb4 Rxa1 20. Qxa1 Nxb4 21. Rxe5 Rxe5 22. Nxe5) 18... h6 $17 19. Rab1 Na6 20. Ra1 Bh7 21. Bg2 Nc5 22. Ne4 Bxe4 23. dxe4 Rad8 24. Rab1 d3 25. Qd2 Nd4 26. Nxd4 Rxd4 27. Qxa5 d2 (27... Ra8 $5 {[%cal Ra8a5]} 28. Qc7 f6 $15) 28. Red1 Qd6 29. Rb2 {[%cal Rb2d2]} Rd8 30. b4 Ne6 $36 {[%mdl 2048] Black is more active.} 31. c5 Qe7 32. h4 g5 33. hxg5 $2 (33. c6 $11 {and White is okay.}) 33... Qxg5 $19 ({Worse is} 33... Nxg5 34. Rc2 $11) 34. Qb5 $2 {[#]} (34. c6 {was the crucial defense.} bxc6 35. b5 cxb5 36. Qxb5) 34... Rd3 $1 35. Qc4 {[#]} Qg4 $1 {[%mdl 512]} 36. Rbb1 h5 {Played: Ne6-d4} 0-1

[Event "11th LCC FIDE Open 2019"]
[Site "London"]
[Date "2019.12.05"]
[Round "9.13"]
[White "Pert, Richard G"]
[Black "Villiers, Thomas"]
[Result "1-0"]
[WhiteElo "2436"]
[BlackElo "2145"]
[Annotator "NA"]
[PlyCount "47"]
[EventDate "2019.11.29"]
[EventType "swiss"]
[EventCountry "ENG"]
[SourceTitle "playchess.com"]
[Source "ChessBase"]
[SourceQuality "1"]
[TimeControl "40/5400+30:1800+30"]

1. d4 {[%emt 0:00:00]} Nf6 {[%emt 0:00:00]} 2. Bg5 {[%emt 0:00:00]} e6 {[%emt 0:00:00]} 3. e4 {[%emt 0:00:24]} h6 {[%emt 0:00:00]} 4. Bxf6 {[%emt 0:00:04]} Qxf6 {[%emt 0:00:00]} 5. c3 {[%emt 0:00:09]} d6 {[%emt 0:00:02]} 6. Bd3 {[%emt 0:00:10]} g6 {[%emt 0:00:06]} 7. Ne2 {[%emt 0:00:06]} Bg7 {[%emt 0:00:06]} 8. O-O {[%emt 0:00:10]} e5 {[%emt 0:00:17]} 9. f4 {[%emt 0:00:19]} Qe7 {[%emt 0:00:07]} 10. f5 {[%emt 0:00:51]} gxf5 {[%emt 0:01:07]} 11. exf5 {[%emt 0:00:49]} e4 {[%emt 0:00:04]} 12. Bc2 {[%emt 0:01:53]} d5 {[%emt 0:00:31]} 13. c4 {[%emt 0:03:17]} c5 {[%emt 0:06:05]} 14. Nbc3 {[%emt 0:05:21]} Nd7 {[%emt 0:02:23]} 15. Nxd5 {[%emt 0:01:38]} Qd6 {[%emt 0:00:02]} 16. Kh1 {[%emt 0:21:24]} O-O {[%emt 0:06:00]} 17. Ng3 {[%emt 0:05:28]} Bxd4 {[%emt 0:00:07]} 18. Nxe4 {[%emt 0:01:03]} Qe5 {[%emt 0:00:14]} 19. Qh5 {[%emt 0:03:47]} a5 {[%emt 0:03:24]} 20. Qxh6 {[%emt 0:02:24]} Ra6 {[%emt 0:00:05]} 21. f6 {[%emt 0:00:54]} Rxf6 {[%emt 0:00:11]} 22. Nexf6+ {[%emt 0:00:13]} Nxf6 {[%emt 0:00:05]} 23. Nxf6+ {[%emt 0:00:12]} Qxf6 {[%emt 0:00:03]} 24. Qh7# {[%emt 0:00:17]} 1-0

[Event "11th LCC FIDE Open 2019"]
[Site "London"]
[Date "2019.12.05"]
[Round "9.14"]
[White "Dong, Bao Nghia"]
[Black "Clarke, Brandon Gi"]
[Result "0-1"]
[WhiteElo "2217"]
[BlackElo "2431"]
[Annotator "NA"]
[PlyCount "98"]
[EventDate "2019.11.29"]
[EventType "swiss"]
[EventCountry "ENG"]
[SourceTitle "playchess.com"]
[Source "ChessBase"]
[SourceQuality "1"]
[TimeControl "40/5400+30:1800+30"]

1. d4 {[%emt 0:11:34]} Nf6 {[%emt 0:00:00]} 2. Nf3 {[%emt 0:00:17]} g6 {[%emt 0:00:00]} 3. h3 {[%emt 0:00:07]} Bg7 {[%emt 0:00:00]} 4. Bf4 {[%emt 0:00:07]} O-O {[%emt 0:00:00]} 5. e3 {[%emt 0:00:05]} c5 {[%emt 0:00:07]} 6. c3 {[%emt 0:00:05]} d6 {[%emt 0:00:08]} 7. Nbd2 {[%emt 0:00:05]} Nc6 {[%emt 0:00:35]} 8. Bc4 {[%emt 0:00:07]} cxd4 {[%emt 0:00:33]} 9. exd4 {[%emt 0:00:29]} e5 {[%emt 0:00:20]} 10. dxe5 {[%emt 0:00:12]} dxe5 {[%emt 0:00:08]} 11. Be3 {[%emt 0:00:04]} e4 {[%emt 0:01:03]} 12. Nd4 {[%emt 0:04:53]} Ne5 {[%emt 0:00:23]} 13. Qb3 {[%emt 0:00:13]} Nxc4 {[%emt 0:01:02]} 14. Nxc4 {[%emt 0:00:08]} Nd5 {[%emt 0:02:33]} 15. Rd1 {[%emt 0:00:21]} Nxe3 {[%emt 0:01:51]} 16. Nxe3 {[%emt 0:00:04]} Qg5 {[%emt 0:01:33]} 17. h4 {[%emt 0:00:26]} Qc5 {[%emt 0:08:06]} 18. h5 {[%emt 0:03:39]} Rd8 {[%emt 0:03:05]} 19. hxg6 {[%emt 0:01:20]} hxg6 {[%emt 0:00:06]} 20. Qc4 {[%emt 0:00:37]} Qxc4 {[%emt 0:00:59]} 21. Nxc4 {[%emt 0:00:06]} Bg4 {[%emt 0:03:45]} 22. f3 {[%emt 0:03:02]} exf3 {[%emt 0:02:02]} 23. gxf3 {[%emt 0:00:16]} Rxd4 {[%emt 0:02:34]} 24. Rxd4 {[%emt 0:00:24]} Bxf3 {[%emt 0:00:43]} 25. Rf1 {[%emt 0:00:23]} Bxd4 {[%emt 0:04:56]} 26. Rxf3 {[%emt 0:00:10]} Bc5 {[%emt 0:01:08]} 27. b4 {[%emt 0:00:29]} Bf8 {[%emt 0:02:17]} 28. Kd2 {[%emt 0:02:33]} Rd8+ {[%emt 0:04:18]} 29. Kc2 {[%emt 0:01:02]} f5 {[%emt 0:02:20]} 30. Rg3 {[%emt 0:01:13]} Kg7 {[%emt 0:00:41]} 31. Ne5 {[%emt 0:01:25]} Rd6 {[%emt 0:00:40]} 32. c4 {[%emt 0:00:26]} Re6 {[%emt 0:00:28]} 33. Nd3 {[%emt 0:00:03]} Re4 {[%emt 0:00:46]} 34. c5 {[%emt 0:00:16]} Kf6 {[%emt 0:00:32]} 35. Kb3 {[%emt 0:00:54]} g5 {[%emt 0:01:44]} 36. b5 {[%emt 0:01:06]} g4 {[%emt 0:00:34]} 37. a4 {[%emt 0:02:44]} Kg5 {[%emt 0:02:25]} 38. Rg1 {[%emt 0:00:26]} Rd4 {[%emt 0:03:15]} 39. Kc3 {[%emt 0:05:38]} Rxa4 {[%emt 0:00:56]} 40. Re1 {[%emt 0:00:41]} Re4 {[%emt 0:00:41]} 41. Rxe4 {[%emt 0:30:15]} fxe4 {[%emt 0:30:05]} 42. c6 {[%emt 0:00:02]} bxc6 {[%emt 0:00:15]} 43. bxc6 {[%emt 0:00:02]} Bd6 {[%emt 0:00:13]} 44. Nc5 {[%emt 0:00:06]} Kf5 {[%emt 0:01:18]} 45. Nb3 {[%emt 0:04:47]} g3 {[%emt 0:01:06]} 46. Nd4+ {[%emt 0:03:05]} Ke5 {[%emt 0:00:02]} 47. Kc4 {[%emt 0:00:27]} g2 {[%emt 0:00:45]} 48. Ne2 {[%emt 0:00:05]} Bc7 {[%emt 0:01:08]} 49. Kc5 {[%emt 0:01:00]} Bb6+ {[%emt 0:00:10] Kd4+} 0-1

[Event "11th LCC FIDE Open 2019"]
[Site "London"]
[Date "2019.12.05"]
[Round "9.15"]
[White "McDonald, Neil"]
[Black "Papadiamandis, Elliot"]
[Result "1-0"]
[WhiteElo "2412"]
[BlackElo "2220"]
[Annotator "NA"]
[PlyCount "73"]
[EventDate "2019.11.29"]
[EventType "swiss"]
[EventCountry "ENG"]
[SourceTitle "playchess.com"]
[Source "ChessBase"]
[SourceQuality "1"]
[TimeControl "40/5400+30:1800+30"]

1. e4 {[%emt 0:00:00]} c5 {[%emt 0:00:00]} 2. Nf3 {[%emt 0:00:00]} d6 {[%emt 0:00:00]} 3. d4 {[%emt 0:00:00]} cxd4 {[%emt 0:00:04]} 4. Nxd4 {[%emt 0:00:00]} Nf6 {[%emt 0:00:11]} 5. Nc3 {[%emt 0:00:00]} a6 {[%emt 0:00:07]} 6. Bg5 {[%emt 0:00:22]} e6 {[%emt 0:00:22]} 7. f4 {[%emt 0:00:10]} Be7 {[%emt 0:00:05]} 8. Qf3 {[%emt 0:00:11]} Nbd7 {[%emt 0:00:10]} 9. O-O-O {[%emt 0:00:30]} Qc7 {[%emt 0:00:08]} 10. g4 {[%emt 0:00:24]} b5 {[%emt 0:00:13]} 11. Bxf6 {[%emt 0:00:22]} Nxf6 {[%emt 0:00:08]} 12. g5 {[%emt 0:00:32]} Nd7 {[%emt 0:00:14]} 13. h4 {[%emt 0:00:30]} O-O {[%emt 0:02:42]} 14. a3 {[%emt 0:06:12]} Bb7 {[%emt 0:02:59]} 15. h5 {[%emt 0:05:03]} Nc5 {[%emt 0:05:32]} 16. b4 {[%emt 0:09:16]} Nd7 {[%emt 0:09:41]} 17. Rh3 {[%emt 0:08:51]} Nb6 {[%emt 0:04:31]} 18. Rg3 {[%emt 0:04:21]} Rac8 {[%emt 0:02:25]} 19. Rd3 {[%emt 0:01:41]} Rfe8 {[%emt 0:14:04]} 20. Bh3 {[%emt 0:04:52]} Nc4 {[%emt 0:08:07]} 21. Qf2 {[%emt 0:23:12]} Qd8 {[%emt 0:14:44]} 22. h6 {[%emt 0:05:05]} g6 {[%emt 0:03:25]} 23. Nxe6 {[%emt 0:02:22]} fxe6 {[%emt 0:00:21]} 24. Bxe6+ {[%emt 0:00:18]} Kf8 {[%emt 0:00:45]} 25. Bxc8 {[%emt 0:03:38]} Qxc8 {[%emt 0:01:51]} 26. Qd4 {[%emt 0:01:19]} Rd8 {[%emt 0:00:45]} 27. Qh8+ {[%emt 0:01:15]} Kf7 {[%emt 0:00:02]} 28. Qxh7+ {[%emt 0:00:26]} Ke8 {[%emt 0:00:53]} 29. Qxg6+ {[%emt 0:00:50]} Kd7 {[%emt 0:00:12]} 30. Qf5+ {[%emt 0:04:10]} Ke8 {[%emt 0:00:43]} 31. h7 {[%emt 0:03:35]} Qxf5 {[%emt 0:00:29]} 32. exf5 {[%emt 0:00:09]} Kf7 {[%emt 0:00:38]} 33. f6 {[%emt 0:00:36]} Kg6 {[%emt 0:01:56]} 34. fxe7 {[%emt 0:01:32]} Rh8 {[%emt 0:00:05]} 35. Nd5 {[%emt 0:02:35]} Bxd5 {[%emt 0:00:21]} 36. Rxd5 {[%emt 0:00:12]} Kf7 {[%emt 0:00:07]} 37. g6+ {[%emt 0:00:38]} 1-0

[Event "11th LCC FIDE Open 2019"]
[Site "London"]
[Date "2019.12.05"]
[Round "9.16"]
[White "Smith, Andrew Philip"]
[Black "Paterek, Michal"]
[Result "0-1"]
[WhiteElo "2172"]
[BlackElo "2317"]
[Annotator "TA"]
[PlyCount "80"]
[EventDate "2019.11.29"]
[EventType "swiss"]
[EventCountry "ENG"]
[SourceTitle "playchess.com"]
[Source "ChessBase"]
[SourceQuality "1"]

{[%evp 9,80,11,25,-16,-22,-25,-12,-18,-16,-24,-12,-24,-14,-42,-22,-18,14,-91,-80,-87,-80,-80,-77,-95,-92,-144,-143,-138,-131,-141,-125,-200,-184,-187,-190,-254,-254,-242,-116,-135,-114,-112,-102,-198,-157,-158,-157,-144,-95,-398,-423,-455,-431,-493,-484,-501,-486,-892,-888,-873,-864,-1256,-1210,-1264,-1178,-1390,-1135,-2729,-2562,-3054,-2913,-29985,-29986]} 1. e4 c6 2. d4 d5 3. e5 Bf5 4. c4 e6 5. Nc3 Bb4 6. Nge2 {B12: Caro-Kann: Advance Variation} (6. Qb3 a5 7. Nf3 Ne7 8. Bg5 dxc4 9. Bxc4 h6 10. Bh4 Be4 11. O-O Bxf3 12. gxf3 b5 13. Be2 g5 {½-½ (51) Fedoseev,V (2674)-Riazantsev,A (2658) Kaliningrad 2015}) 6... dxc4 $146 ({Predecessor:} 6... Ne7 7. Ng3 Bg6 8. a3 Bxc3+ 9. bxc3 Nd7 10. h4 h5 11. Bd3 Bxd3 12. Qxd3 Nb6 13. c5 Nc4 {1-0 (37) Larsen,K (2245)-Andersen,J Roskilde 1998}) 7. Ng3 b5 8. Nxf5 {The position is equal.} exf5 9. Be2 Ne7 10. O-O Nd7 11. Bf3 Nb6 12. Bg5 {[#] aiming for Bxc6+!} Rc8 13. Rc1 (13. a4 $1 $11 {keeps the balance.} Bxc3 14. bxc3 Nxa4 15. Rxa4 bxa4 16. Qxa4) 13... O-O 14. Ne2 h6 15. Bxe7 Bxe7 16. b3 Qd7 17. a4 ({White should try} 17. g3) 17... cxb3 $17 18. axb5 cxb5 {...b2 is the strong threat.} 19. Qxb3 Nc4 20. Rc2 (20. Qa2 $17 {was forced.}) 20... a5 $19 21. Nc3 Na3 ({Weaker is} 21... Qxd4 22. Nxb5 Qf4 23. Na7 $11) 22. Rcc1 (22. Rb2 $142) 22... a4 ({Less strong is} 22... Qxd4 23. e6 $17) 23. Qd5 {[#]} Qe6 (23... Rfd8 $1 $19 {has better winning chances.} 24. Qxd7 Rxd7) 24. Qb7 $17 Rb8 $36 {[%mdl 2048] Black is on the roll.} 25. Qa7 {Hoping for Bd5.} Bg5 26. Rcd1 (26. Bd5 $17 Qe7 27. Qxe7 Bxe7 28. Bc6) 26... Rfc8 27. Nd5 Nc2 28. h4 Bxh4 {White must now prevent ...Bg5.} 29. Nf4 $2 {[%mdl 8192]} (29. Rc1 $17 {is more resistant.} Qe8 30. Nb6) 29... Qe7 $19 30. Qa5 Bg5 31. Nd5 Qd8 32. Qa7 a3 33. Rd3 (33. Qa6 $142 Ra8 34. Qxb5) 33... Ra8 34. Qb7 a2 35. Bh5 a1=Q 36. Qxf7+ Kh8 {And now ...Qa2 would win.} 37. f4 Qa7 38. Qg6 Qxd5 39. fxg5 Nxd4 {( -> ...Nf3+!)} 40. gxh6 Ne2+ {Accuracy: White = 23%, Black = 76%.} 0-1

[Event "11th LCC FIDE Open 2019"]
[Site "London"]
[Date "2019.12.05"]
[Round "9.17"]
[White "Pasztor, Balazs"]
[Black "Sowray, Peter J"]
[Result "1-0"]
[WhiteElo "2166"]
[BlackElo "2316"]
[Annotator "TA"]
[PlyCount "85"]
[EventDate "2019.11.29"]
[EventType "swiss"]
[EventCountry "ENG"]
[SourceTitle "playchess.com"]
[Source "ChessBase"]
[SourceQuality "1"]

{[%evp 13,85,32,28,32,31,27,30,20,38,37,43,12,22,14,30,5,29,16,27,21,21,16,22,28,23,23,26,2,0,0,0,0,0,0,16,11,25,16,16,0,0,0,0,0,30,27,18,14,22,31,35,0,0,-30,-64,-132,-128,-131,-124,-125,-119,-156,-79,-246,-105,-104,407,400,1119,1065,1495,1490,29995,29996]} 1. e4 e5 2. Nf3 Nc6 3. Bc4 Nf6 4. d3 Be7 5. O-O O-O 6. Re1 d6 7. a4 Na5 8. Ba2 {C55: Two Knights: 4 d3, 4 d4 exd4 5 e5 and Max Lange Attack} c5 9. c3 (9. Bd2 Nc6 10. h3 Be6 11. Na3 Bxa2 12. Rxa2 d5 13. exd5 Qxd5 14. Ra1 Rfe8 15. Nb5 Bd8 {0-1 (76) Mamedov,R (2667)-Yu,Y (2784) Hengshui 2019}) 9... Nc6 10. Na3 {White has an edge.} h6 11. Bd2 a6 12. Nc4 Be6 13. Ne3 Re8 14. Bd5 $146 ({Predecessor:} 14. h3 Bxa2 15. Rxa2 d5 16. exd5 Nxd5 {0-1 (61) Mencinger,V (2356)-Stefanov,E (2484) Zadar 2016}) 14... Qc7 15. b4 cxb4 16. cxb4 Bxd5 17. exd5 {[#] Rc1 is the strong threat.} Nd4 18. Nxd4 exd4 19. Nf5 Bf8 20. Nxd4 (20. Qb3 {looks sharper.} Re5 21. Nxd4 Nxd5 22. h3 Qd7 23. b5) 20... Rxe1+ 21. Bxe1 Nxd5 22. Qf3 Nf6 23. Bd2 Re8 24. h3 d5 25. Rc1 Qe5 26. Nb3 Qb2 27. Qd1 Qe5 $40 {[%mdl 128] Black is up to no good.} 28. Qf3 Bd6 {( -> ...Qh2+)} (28... Qb2 {with more complications.}) 29. g3 Qb2 30. Qd1 $1 Qe5 31. Kg2 Qe7 32. Nc5 {[#]} a5 $1 {[%mdl 512]} 33. Qf3 (33. bxa5 Bxc5) 33... axb4 34. Re1 (34. Qe3 $15) 34... Qc7 $17 35. Rxe8+ Nxe8 36. Nb3 Nf6 37. Nd4 Be5 ({Better is} 37... Bf8 38. Be3 Qc3) 38. Nf5 $2 (38. Qe3 $17) 38... b3 (38... Bc3 $19 {is more deadly.} 39. Bxc3 bxc3) 39. d4 Qc2 $2 {[%mdl 8192]} (39... Ne4 $17 {and life is bright.} 40. Qxb3 Nxd2) 40. dxe5 $18 b2 (40... Ne4 $142) 41. exf6 Qxd2 42. Ne7+ Kh7 43. Qf5+ {Accuracy: White = 51%, Black = 46%.} 1-0

[Event "11th LCC FIDE Open 2019"]
[Site "London"]
[Date "2019.12.05"]
[Round "9.18"]
[White "Wu, Li"]
[Black "Ogunshola, Olugbemiga (Ben)"]
[Result "1-0"]
[WhiteElo "2293"]
[BlackElo "2169"]
[Annotator "NA"]
[PlyCount "59"]
[EventDate "2019.11.29"]
[EventType "swiss"]
[EventCountry "ENG"]
[SourceTitle "playchess.com"]
[Source "ChessBase"]
[SourceQuality "1"]
[TimeControl "40/5400+30:1800+30"]

1. d4 {[%emt 1:46:39]} Nf6 {[%emt 0:01:52]} 2. c4 {[%emt 0:00:24]} g6 {[%emt 0:02:13]} 3. Nc3 {[%emt 0:00:23]} Bg7 {[%emt 0:00:02]} 4. e4 {[%emt 0:00:06]} d6 {[%emt 0:00:08]} 5. f4 {[%emt 0:01:40]} O-O {[%emt 0:00:59]} 6. Nf3 {[%emt 0:00:03]} c5 {[%emt 0:00:09]} 7. d5 {[%emt 0:00:04]} e6 {[%emt 0:00:08]} 8. Be2 {[%emt 0:00:19]} exd5 {[%emt 0:01:48]} 9. cxd5 {[%emt 0:00:59]} Bg4 {[%emt 0:00:54]} 10. O-O {[%emt 0:01:23]} a6 {[%emt 0:00:48]} 11. e5 {[%emt 0:08:55]} dxe5 {[%emt 0:11:30]} 12. fxe5 {[%emt 0:00:21]} Nfd7 {[%emt 0:00:37]} 13. e6 {[%emt 0:06:38]} fxe6 {[%emt 0:11:44]} 14. dxe6 {[%emt 0:06:11]} Nb6 {[%emt 0:09:32]} 15. Qb3 {[%emt 0:06:49]} c4 {[%emt 0:00:52]} 16. Bxc4 {[%emt 0:01:47]} Nxc4 {[%emt 0:00:09]} 17. Qxc4 {[%emt 0:09:06]} Qb6+ {[%emt 0:01:16]} 18. Kh1 {[%emt 0:00:04]} Qxe6 {[%emt 0:01:48]} 19. Nd5 {[%emt 0:16:31]} Nc6 {[%emt 0:02:29]} 20. Re1 {[%emt 0:06:32]} Qf7 {[%emt 0:22:49]} 21. Ng5 {[%emt 0:06:37]} b5 {[%emt 0:05:00]} 22. Nxf7 {[%emt 0:00:13]} bxc4 {[%emt 0:01:07]} 23. Nh6+ {[%emt 0:00:04]} Bxh6 {[%emt 0:00:30]} 24. Bxh6 {[%emt 0:00:04]} Rf7 {[%emt 0:05:54]} 25. Rac1 {[%emt 0:08:53]} Rd8 {[%emt 0:06:26]} 26. h3 {[%emt 0:00:08]} Bf5 {[%emt 0:07:45]} 27. Rxc4 {[%emt 0:00:17]} Nb8 {[%emt 0:03:42]} 28. Rd4 {[%emt 0:01:28]} Bd7 {[%emt 0:01:01]} 29. Nb6 {[%emt 0:02:15]} Re8 {[%emt 0:00:16]} 30. Rxe8+ {[%emt 0:00:26]} 1-0

[Event "11th LCC FIDE Open 2019"]
[Site "London"]
[Date "2019.12.05"]
[Round "9.19"]
[White "Cumming, Rhys"]
[Black "Dias, Savin"]
[Result "1-0"]
[WhiteElo "2284"]
[BlackElo "1916"]
[Annotator "NA"]
[PlyCount "53"]
[EventDate "2019.11.29"]
[EventType "swiss"]
[EventCountry "ENG"]
[SourceTitle "playchess.com"]
[Source "ChessBase"]
[SourceQuality "1"]
[TimeControl "40/5400+30:1800+30"]

1. d4 {[%emt 0:32:24]} Nf6 {[%emt 0:00:00]} 2. c4 {[%emt 0:00:08]} e6 {[%emt 0:00:00]} 3. Nc3 {[%emt 0:00:06]} Bb4 {[%emt 0:00:00]} 4. Qc2 {[%emt 0:00:10]} O-O {[%emt 0:00:00]} 5. Nf3 {[%emt 0:00:22]} b6 {[%emt 0:00:12]} 6. e4 {[%emt 0:03:05]} d5 {[%emt 0:01:13]} 7. e5 {[%emt 0:05:45]} Ne4 {[%emt 0:00:52]} 8. Bd3 {[%emt 0:01:23]} Bb7 {[%emt 0:03:00]} 9. O-O {[%emt 0:02:19]} Bxc3 {[%emt 0:05:53]} 10. bxc3 {[%emt 0:00:06]} h6 {[%emt 0:06:01]} 11. cxd5 {[%emt 0:15:02]} exd5 {[%emt 0:00:50]} 12. Nd2 {[%emt 0:03:59]} Nxd2 {[%emt 0:01:19]} 13. Bxd2 {[%emt 0:01:02]} Ba6 {[%emt 0:04:36]} 14. Bh7+ {[%emt 0:07:52]} Kh8 {[%emt 0:00:20]} 15. Rfe1 {[%emt 0:00:03]} c5 {[%emt 0:11:00]} 16. e6 {[%emt 0:00:51]} Qf6 {[%emt 0:01:12]} 17. exf7 {[%emt 0:01:31]} Qxf7 {[%emt 0:01:12]} 18. Be3 {[%emt 0:01:03]} c4 {[%emt 0:03:11]} 19. Bc1 {[%emt 0:02:11]} Nc6 {[%emt 0:02:35]} 20. Bg6 {[%emt 0:00:59]} Qd7 {[%emt 0:02:00]} 21. Ba3 {[%emt 0:00:34]} Rf6 {[%emt 0:05:29]} 22. h4 {[%emt 0:01:57]} Qg4 {[%emt 0:04:22]} 23. h5 {[%emt 0:00:04]} Re6 {[%emt 0:01:31]} 24. Rxe6 {[%emt 0:02:40]} Qxe6 {[%emt 0:00:53]} 25. Qd2 {[%emt 0:00:01]} Rd8 {[%emt 0:02:35]} 26. Re1 {[%emt 0:00:17]} Qf6 {[%emt 0:00:29]} 27. Qe3 {[%emt 0:01:54]} 1-0

[Event "11th LCC FIDE Open 2019"]
[Site "London"]
[Date "2019.12.05"]
[Round "9.20"]
[White "Akots, Gabor"]
[Black "Balaji, Aaravamudhan"]
[Result "1/2-1/2"]
[WhiteElo "2221"]
[BlackElo "2080"]
[Annotator "NA"]
[PlyCount "66"]
[EventDate "2019.11.29"]
[EventType "swiss"]
[EventCountry "ENG"]
[SourceTitle "playchess.com"]
[Source "ChessBase"]
[SourceQuality "1"]
[TimeControl "40/5400+30:1800+30"]

1. d4 {[%emt 0:00:00]} Nf6 {[%emt 0:00:00]} 2. c4 {[%emt 0:00:00]} g6 {[%emt 0:00:00]} 3. Nc3 {[%emt 0:00:00]} Bg7 {[%emt 0:00:00]} 4. e4 {[%emt 0:00:20]} d6 {[%emt 0:00:00]} 5. f3 {[%emt 0:00:43]} O-O {[%emt 0:00:00]} 6. Be3 {[%emt 0:00:15]} c5 {[%emt 0:00:00]} 7. d5 {[%emt 0:00:32]} e6 {[%emt 0:02:14]} 8. Qd2 {[%emt 0:00:18]} exd5 {[%emt 0:00:13]} 9. cxd5 {[%emt 0:00:09]} a6 {[%emt 0:00:11]} 10. a4 {[%emt 0:00:06]} Nbd7 {[%emt 0:00:27]} 11. Nh3 {[%emt 0:03:45]} Ne5 {[%emt 0:02:20]} 12. Nf2 {[%emt 0:00:26]} Bd7 {[%emt 0:01:58]} 13. Be2 {[%emt 0:01:32]} b5 {[%emt 0:11:39]} 14. O-O {[%emt 0:00:32]} Rb8 {[%emt 0:26:15]} 15. axb5 {[%emt 0:00:08]} axb5 {[%emt 0:00:06]} 16. Rab1 {[%emt 0:05:22]} b4 {[%emt 0:07:21]} 17. Ncd1 {[%emt 0:00:54]} Qa5 {[%emt 0:02:28]} 18. b3 {[%emt 0:09:48]} Bb5 {[%emt 0:02:07]} 19. Nb2 {[%emt 0:12:06]} Bxe2 {[%emt 0:11:02]} 20. Qxe2 {[%emt 0:00:07]} Qa2 {[%emt 0:00:18]} 21. Qc2 {[%emt 0:02:22]} Ra8 {[%emt 0:02:52]} 22. Rfc1 {[%emt 0:01:52]} Ra3 {[%emt 0:03:24]} 23. Nbd3 {[%emt 0:05:18]} Qxc2 {[%emt 0:01:35]} 24. Rxc2 {[%emt 0:02:59]} Nxd3 {[%emt 0:00:39]} 25. Nxd3 {[%emt 0:00:05]} Rfa8 {[%emt 0:04:30]} 26. Bc1 {[%emt 0:22:06]} Ra1 {[%emt 0:08:05]} 27. Rxa1 {[%emt 0:00:14]} Rxa1 {[%emt 0:00:02]} 28. Kf2 {[%emt 0:00:11]} Rb1 {[%emt 0:02:42]} 29. Bb2 {[%emt 0:04:20]} Nd7 {[%emt 0:03:46]} 30. Bxg7 {[%emt 0:09:47]} Kxg7 {[%emt 0:00:18]} 31. Rb2 {[%emt 0:00:12]} Rd1 {[%emt 0:02:53]} 32. Ke2 {[%emt 0:00:07]} Rh1 {[%emt 0:01:21]} 33. h3 {[%emt 0:00:16]} Ra1 {[%emt 0:01:01]} 1/2-1/2